[Event "Magistral Szmetan Giardelli 2019"]
[Site "Buenos Aires"]
[Date "2019.12.09"]
[Round "9.4"]
[White "Perez Ponsa, Federico"]
[Black "Flores, Diego"]
[Result "1-0"]
[WhiteElo "2560"]
[BlackElo "2608"]
[Annotator "TA"]
[PlyCount "117"]
[EventDate "2019.12.01"]
[EventType "tourn"]
[EventCountry "ARG"]
[SourceTitle "playchess.com"]
[Source "ChessBase"]
[SourceQuality "1"]

{[%evp 14,117,61,29,35,28,17,14,53,40,62,43,36,35,55,50,59,39,52,43,64,55,60,12,41,42,50,37,48,39,30,31,45,0,4,0,0,0,59,54,62,11,22,21,157,72,70,64,64,72,70,67,62,62,70,75,83,77,74,80,92,92,92,92,92,84,84,84,417,234,3652,3445,2891,2472,2865,2689,2495,2457,2438,2420,2412,1886,2412,1427,1502,1000,2325,786,29977,29978,29977,826,29979,29979,29981,29982,29982,29983,29983,29983,29983,29984,29984,29985,29985,29986]} 1. e4 c5 2. Nf3 e6 3. d4 cxd4 4. Nxd4 a6 5. c4 Nf6 6. Nc3 Qc7 7. Be2 b6 8. O-O {Black must now prevent e5.} Bb7 {B41: Sicilian: Kan Variation: 5 c4} 9. Qd3 Nc6 (9... d6 10. f4 Nbd7 11. b4 d5 12. exd5 Bxb4 13. dxe6 Nc5 14. exf7+ Kxf7 15. Qh3 Bxc3 16. Qxc3 Rhe8 17. Bf3 Nce4 18. Qb4 Rad8 19. Be3 {½-½ (31) Muzychuk,M (2540)-Adhiban,B (2689) Caleta 2019}) 10. Nxc6 Bxc6 {The position is equal.} (10... dxc6 {with more complications.} 11. Be3 Rd8 12. Qc2 Bd6 13. g3 c5) 11. Be3 Bb4 12. f3 O-O 13. a3 (13. Rac1 {seems wilder.} Qb8 14. a3 Be7 15. Rfd1 Rd8 16. b4) 13... Bc5 14. b4 Bxe3+ 15. Qxe3 d6 {[#]} 16. Rfd1 $146 ({Predecessor:} 16. Rac1 Qb7 17. Rfd1 Rfd8 {1-0 (28) Mozharov,M (2540)-Vetoshko,V (2338) Pardubice 2014}) 16... Rfd8 17. Rac1 Qb8 18. Rd2 h6 19. Rcd1 Qc7 20. Rd4 Rd7 21. Bf1 b5 22. cxb5 axb5 23. Nxb5 Qb6 24. Nc3 $1 Rxa3 25. Nd5 Nxd5 (25... Qa7 $1 $11 26. Nxf6+ {[%mdl 64] Discovered Attack} gxf6) 26. Qxa3 $14 Ra7 27. Qd3 ({White should try} 27. Qb2 $14 Ba4 28. Rc1 (28. exd5 Bxd1 29. dxe6 fxe6 $11)) 27... Ba4 28. Rd2 {aiming for Kh1.} Nxb4 {[#]} (28... e5 $11 29. exd5 Bd7) 29. Rb2 ({White should play} 29. Qb1 $1 {[%cal Rb1b4]} Rb7 30. Kh1) 29... e5 $16 {[%mdl 64] Pin} 30. Rbxb4 {[%mdl 64] Double Attack} Qc5 $1 {[%mdl 64] Pin} 31. Rbc4 Qb6 {[%mdl 64] Pin} 32. Qe3 exd4 33. Qxd4 Qxd4+ 34. Rxd4 $14 {[%mdl 4096] Endgame KRB-KRB} Bb3 35. Rxd6 Ra2 36. h4 h5 37. Kh2 g6 38. Kg3 Kg7 39. Bd3 Rd2 {next ...Bc2 is good for Black.} 40. e5 {Hoping for Bxg6.} Be6 $2 {[%mdl 8192] [#]} (40... Ra2 $16 {is more resistant.}) 41. Bc4 $1 $18 {[%cal Rc4e6][%mdl 576] Discovered Attack} Rxg2+ $2 (41... Rb2) (41... Bxc4 42. Rxd2) 42. Kxg2 Bxc4 {KR-KB} 43. Kg3 Bb3 44. Kf4 Bc2 45. Kg5 Bf5 46. Rf6 Bh3 47. Kf4 Bd7 48. Ke4 Kf8 49. Kd5 Ke7 50. Ra6 {Ra7 would kill now.} Bh3 51. Ra7+ Kf8 52. Kd6 (52. f4 $142 Be6+ 53. Kd6 Bf5 54. Ra8+ Kg7 55. Ke7 Bd3 56. Rd8 Bc4 57. Rd6) 52... Bf5 53. f4 {White mates.} Be6 54. Ra8+ Kg7 55. Ke7 Bc4 56. Rc8 Bd5 57. Rd8 Bb3 58. Rd6 Bc4 59. Rf6 {Accuracy: White = 57%, Black = 31%.} 1-0

[Event "Magistral Szmetan Giardelli 2019"]
[Site "Buenos Aires"]
[Date "2019.12.09"]
[Round "9.5"]
[White "Ricardi, Pablo"]
[Black "Granda Zuniga, Julio E"]
[Result "0-1"]
[WhiteElo "2493"]
[BlackElo "2644"]
[Annotator "TA"]
[PlyCount "50"]
[EventDate "2019.12.01"]
[EventType "tourn"]
[EventCountry "ARG"]
[SourceTitle "playchess.com"]
[Source "ChessBase"]
[SourceQuality "1"]

{[%evp 9,72,13,10,19,10,2,23,15,22,-184,-187,-179,-80,-141,-140,-155,-105,-147,-115,-95,-99,-133,-131,-117,-125,-209,-199,-312,-288,-319,-320,-350,-345,-344,-349,-329,-330,-343,-329,-347,-320,-343,-342,-325,-312,-352,-273,-283,-193,-306,-236,-351,-316,-287,-285,-528,-445,-485,-451,-516,-517,-504,-491,-831,-831]} 1. c4 e5 2. Nc3 Bb4 3. Nf3 Bxc3 4. dxc3 Qe7 5. e4 (5. g3 b6 6. Bg2 Bb7 7. O-O d6 8. a4 a5 9. b3 Nd7 10. Re1 f5 11. Nh4 Bxg2 12. Kxg2 {½-½ (70) Vakhidov,J (2578)-Kovalenko,I (2668) Almaty 2016}) 5... d6 6. Bd3 {A21: English Opening: 1...e5 2 Nc3} Nd7 $146 ({Predecessor:} 6... Nf6 7. Qe2 Nc6 8. Nh4 g6 9. g3 Be6 10. Ng2 Nd7 11. Ne3 f6 12. Nd5 Bxd5 13. cxd5 {1-0 (38) Kupreichik,V (2433)-Seryogin,P (2245) Tambov 2011}) 7. Bc2 Qe6 8. O-O {White has an edge.} h6 9. Nd4 $2 (9. b3 $11) 9... exd4 $19 10. cxd4 Ngf6 (10... Qxc4 $19 {has better winning chances.} 11. Bb3 Qb4) 11. d5 (11. b3 $142) 11... Qe7 12. f4 O-O ({Stronger than} 12... Nxe4 13. Bxe4 O-O 14. Bc2 $16) 13. Re1 Re8 14. b3 {[#]} b5 $1 15. cxb5 a6 16. bxa6 Bxa6 17. Bd2 (17. a4 $17) 17... Nc5 {[%cal Rc5e4,Bd7c5,Bc5e6,Be6g5][%mdl 32]} 18. e5 (18. Be3 $142) 18... Nxd5 {[%cal Rd6e5]} 19. Qf3 Bb7 ({Worse is} 19... dxe5 20. Rxe5 Qf8 21. Rxd5 $16 (21. Qxd5 Rad8 $11)) 20. Qg3 dxe5 21. fxe5 Ne6 {Strongly threatening ...Qc5+.} 22. Be4 Ng5 23. Bf5 Qc5+ 24. Kh1 Ne7 25. Bd3 Red8 {Played: Ra8-d8} 0-1

[Event "Magistral Szmetan Giardelli 2019"]
[Site "Buenos Aires"]
[Date "2019.12.09"]
[Round "9.6"]
[White "Santiago, Yago De Moura"]
[Black "Mareco, Sandro"]
[Result "1/2-1/2"]
[WhiteElo "2479"]
[BlackElo "2637"]
[Annotator "TA"]
[PlyCount "169"]
[EventDate "2019.12.01"]
[EventType "tourn"]
[EventCountry "ARG"]
[SourceTitle "playchess.com"]
[Source "ChessBase"]
[SourceQuality "1"]

{[%evp 13,169,8,0,3,8,12,18,8,1,-3,0,0,15,19,15,10,11,13,24,24,33,34,34,33,34,33,30,21,25,28,43,29,49,42,44,37,62,52,46,57,54,47,58,60,70,0,61,54,58,58,52,64,68,46,70,70,62,47,67,45,60,0,58,0,61,0,54,47,37,45,66,66,82,59,72,79,115,118,121,125,118,129,149,161,153,149,153,134,164,93,100,106,118,81,116,69,109,0,104,73,95,80,104,78,108,101,102,0,110,90,85,83,105,89,89,66,83,66,76,57,102,110,108,76,122,110,123,117,119,87,109,0,110,120,112,108,112,103,127,115,157,156,156,163,304,301,370,365,229,309,281,71,71,79,79,58,80,12]} 1. d4 Nf6 2. c4 e6 3. Nc3 Bb4 4. Bd2 O-O 5. Nf3 d5 6. e3 b6 7. cxd5 exd5 8. Bd3 {E51: Nimzo-Indian: Rubinstein: 4...0-0 5 Nf3 d5} Ba6 (8... Bb7 9. O-O Bd6 10. Rc1 c5 11. Ne5 Nc6 12. Ng4 Nxg4 13. Qxg4 c4 14. Bb1 Ne7 15. Nb5 f5 16. Qe2 a6 17. Nxd6 Qxd6 18. f3 b5 19. Be1 Ng6 20. Ba5 Ne7 21. Be1 Ng6 22. Ba5 Ne7 23. Be1 {½-½ (23) Nakamura,H (2743)-Giri,A (2779) Saint Louis 2019}) 9. Bxa6 Nxa6 10. Qa4 {The position is equal.} Qc8 11. a3 $146 ({Predecessor:} 11. Rc1 Qb7 12. O-O c5 13. dxc5 bxc5 14. a3 Bxc3 15. Bxc3 Ne4 {0-1 (28) Idani,P (2604)-Laxman,R (2425) Sharjah 2019}) 11... Bxc3 12. Bxc3 Qb7 13. O-O Rac8 14. Rac1 Rfe8 15. Rfd1 Nb8 16. Ne5 Ne4 17. Nd3 c6 18. Be1 Nd6 19. Qc2 Nd7 20. Nf4 Nf6 21. Qd3 h6 22. Rc2 a5 23. a4 Nd7 24. Rdc1 Ne4 25. Qd1 Nef6 26. Nd3 Re6 27. h3 Qa8 28. Nf4 Ree8 29. Nd3 (29. Qd3 $14) 29... Kh8 ({Better is} 29... Re6 $1 $11) 30. b3 $14 Kg8 31. Bc3 Ne4 32. Bb2 Qb7 33. Nf4 Nb8 34. Qg4 Nf6 35. Qf5 Qe7 36. Nd3 Nfd7 37. Nf4 Nf6 38. Nd3 Nfd7 39. Nf4 Nf6 40. Ra1 g6 41. Qd3 $1 Qe4 42. Qe2 Qf5 43. Nd3 Ne4 44. Rac1 f6 45. Qg4 Qxg4 46. hxg4 Rcd8 47. Ba3 Nd6 48. Bxd6 Rxd6 49. b4 axb4 50. Nxb4 Rc8 51. Kf1 (51. Ra2 $18) 51... Rc7 $16 52. Ke2 Kg7 53. Rc3 Kf7 54. R1c2 Kg7 55. Rc1 Kf7 56. Kf3 Kg7 57. R3c2 Kf7 58. Kg3 Kg7 59. Rc3 Kf7 60. R3c2 Kg7 $1 61. Kh3 Kf7 62. Kh2 Kg7 63. Rc3 Kf7 64. R1c2 Kg7 65. Kg1 Kf7 66. Rc1 Kg7 67. g3 Kf7 68. R3c2 Kg7 69. Kg2 Kf7 70. Kf3 Kg7 71. Rc3 Kf7 72. R3c2 Kg7 $1 73. Ke2 Kf7 74. Rc3 Kg7 75. f4 Kg8 76. Kf3 Kg7 77. R3c2 Rc8 78. Ra1 c5 (78... Re8 $142 79. a5 bxa5) 79. a5 $1 $18 Rdd8 80. a6 Nc6 81. Nxc6 Rxc6 {[#]} 82. a7 $2 (82. dxc5 $1 $18 {and the rest is easy.} bxc5 83. a7) 82... Ra8 $16 83. dxc5 bxc5 84. Ra5 c4 {[#]} 85. Rxd5 {Accuracy: White = 60%, Black = 53%.} ({White should try} 85. Ke2 $1 $16) 1/2-1/2

[Event "Magistral Szmetan Giardelli 2019"]
[Site "Buenos Aires"]
[Date "2019.12.10"]
[Round "10.1"]
[White "Slipak, Sergio"]
[Black "Mareco, Sandro"]
[Result "1/2-1/2"]
[WhiteElo "2384"]
[BlackElo "2637"]
[Annotator "TA"]
[PlyCount "80"]
[EventDate "2019.12.01"]
[EventType "tourn"]
[EventCountry "ARG"]
[SourceTitle "playchess.com"]
[Source "ChessBase"]
[SourceQuality "1"]

{[%evp 11,80,16,12,7,20,0,0,5,1,0,0,0,8,-7,-6,-18,3,-10,22,22,19,22,23,14,13,11,27,-24,-37,-47,-46,-49,52,-12,0,-4,18,20,18,14,61,0,64,49,64,63,72,65,68,58,85,0,100,0,77,43,193,24,41,21,26,32,45,33,49,0,5,0,24,0,12]} 1. d4 Nf6 2. c3 g6 3. Bg5 Bg7 4. Nd2 O-O 5. e3 d6 6. Ngf3 b6 7. a4 {A48: 1 d4 Nf6 2 Nf3 g6: Torre, London and Colle Systems} (7. Bd3 Bb7 8. O-O Nbd7 9. e4 h6 10. Bh4 e5 11. Re1 Qe8 12. a4 a6 13. dxe5 Nxe5 14. Nxe5 dxe5 15. Qc2 a5 16. Nc4 Nh5 17. f3 {½-½ (17) Van den Doel,E (2607)-Safarli,E (2676) Hoogeveen 2018}) 7... a6 8. Be2 Nbd7 9. O-O Bb7 10. b4 h6 11. Bh4 g5 $146 ({Predecessor:} 11... c5 12. bxc5 {½-½ (12) Kholmirzaev,B (2355)-Khoroshev,N (2380) Tashkent 2017}) 12. Bg3 Nh5 13. Qb3 Ra7 14. Rfd1 Qa8 15. Nf1 Ndf6 16. c4 Rb8 17. Rab1 e6 18. Ne1 {[#]} b5 $1 {[%mdl 512]} 19. Bf3 (19. Rdc1 $142) (19. axb5 axb5) 19... Bxf3 $11 20. Nxf3 bxc4 21. Qxc4 Nd5 (21... Qd5 $15 22. Qc1 Qb7) 22. Ne1 (22. e4 $1 $14 Ne7 23. d5) 22... f5 23. Nd3 f4 24. exf4 gxf4 25. Bh4 Re8 26. a5 (26. Re1 $14) 26... Rb7 ({Better is} 26... Qb8 $11) 27. Nd2 Rb5 28. Nf3 Qb7 29. Re1 Bh8 30. Qc1 Bg7 31. Qc4 (31. h3 $16) 31... Nhf6 (31... Bh8 $1 $11) 32. Qc1 (32. Bxf6 $16 Bxf6 33. Qc1) 32... Nxb4 (32... Nh5 $11) 33. Nxf4 {And now Bxf6 would win.} Ne4 {[#]} (33... Nfd5 $14 34. Rxe6 Rxe6 35. Nxe6 Qc8 36. Nxg7 Kxg7) 34. Qe3 $2 ({White should play} 34. Rb3 $1 $18) 34... d5 {White must now prevent ...Nc2.} 35. Rec1 $36 {[%mdl 2048] White is pushing.} Na2 36. Rxb5 Qxb5 37. Re1 Nb4 {Threatens to win with ...Nc2.} 38. Rc1 Na2 $1 {[%cal Ra2c1]} 39. Re1 {Nh5 is the strong threat.} Nb4 $1 {[%cal Rb4c2] Strongly threatening ...Nc2.} 40. Rc1 Na2 $1 {Accuracy: White = 32%, Black = 38%.} 1/2-1/2

[Event "Magistral Szmetan Giardelli 2019"]
[Site "Buenos Aires"]
[Date "2019.12.10"]
[Round "10.2"]
[White "Granda Zuniga, Julio E"]
[Black "Santiago, Yago De Moura"]
[Result "1-0"]
[WhiteElo "2644"]
[BlackElo "2479"]
[Annotator "TA"]
[PlyCount "117"]
[EventDate "2019.12.01"]
[EventType "tourn"]
[EventCountry "ARG"]
[SourceTitle "playchess.com"]
[Source "ChessBase"]
[SourceQuality "1"]

{[%evp 14,117,17,0,10,8,43,37,74,69,62,71,71,62,115,112,112,110,106,74,75,71,88,71,71,70,93,84,85,84,89,84,85,87,88,96,88,74,112,84,120,114,128,113,123,105,157,145,165,163,188,183,201,199,204,223,214,195,223,223,221,201,348,298,314,220,219,225,397,339,395,395,376,370,450,437,613,614,524,493,781,333,641,463,578,443,834,797,845,806,836,820,29966,29969,29968,29973,29970,29971,29971,29973,29973,7273,29972,4627,4614,1349]} 1. c4 e6 2. d4 d5 3. Nf3 Nf6 4. g3 Bb4+ 5. Bd2 Be7 6. Bg2 O-O 7. O-O c6 8. Qc2 a5 {E11: Bogo-Indian} 9. Bg5 b5 10. c5 Nfd7 $146 {White is slightly better.} ({Predecessor:} 10... Ne4 11. Bxe7 Qxe7 12. Nc3 Nxc3 13. bxc3 Nd7 14. e4 Ba6 15. Rfe1 Rfb8 16. exd5 cxd5 {1-0 (34) Vazquez Igarza,R (2588)-Taboas Rodriguez,D (2398) Madrid 2013}) 11. Bxe7 Qxe7 12. e4 dxe4 13. Qxe4 b4 (13... a4 $14) 14. Re1 $16 Ba6 15. Nbd2 {[%cal Bb1d2,Bd2e4,Be4d6][%mdl 32]} Nf6 16. Qh4 Nbd7 17. Ne4 Nd5 18. Qxe7 Nxe7 19. Nd6 a4 20. Ne5 Nxe5 21. dxe5 Bd3 22. Rac1 b3 {Strongly threatening ...a3.} 23. Rc3 Bc2 24. a3 Ra5 25. f4 g6 26. Kf2 Rfa8 27. Ke3 Rb8 28. Kd2 Kf8 29. Rc4 Rba8 {[#]} (29... h5 $142) 30. g4 $1 h6 31. h4 Kg8 32. Bf3 Kg7 33. Rh1 Rd8 34. h5 Rf8 35. Ke3 gxh5 36. Rxh5 ({Don't take} 36. gxh5 $6 Rb8 $16) 36... Bg6 37. Rh2 f6 (37... Bc2 {was worth a try.} 38. Be4 Bxe4) 38. exf6+ $18 Rxf6 39. Kf2 Nd5 {[#]} 40. f5 $1 {[%mdl 512]} Bf7 $2 (40... exf5 41. gxf5 Bf7) 41. Bxd5 cxd5 42. Rc1 exf5 43. gxf5 Ra7 44. Ke3 Re7+ (44... h5 $142 45. Rh4 Re7+ 46. Kd3 Be8 47. Rg1+ Kh6) 45. Kd4 Be8 46. Rg1+ Kf8 (46... Kh7 $142 47. Kxd5 Bf7+ 48. Kd4 Be8) 47. Kxd5 (47. Rhg2 $142 {[%csl Gg1][%cal Rg2g8]} Bf7 48. Rg7) 47... h5 $2 (47... Bf7+ 48. Kd4 h5) 48. Rgg2 Rh6 49. Rh4 Re1 (49... Bf7+ $142 50. Kd4 Rh7) 50. Nxe8 Rd1+ 51. Kc4 Kxe8 {[%mdl 4096] Endgame KRR-KRR} 52. Kb5 Rf1 53. Rxa4 Rxf5 54. Rg7 {[%cal Ra4a8]} Kf8 55. Rd7 {[%cal Ra4a8]} Re6 56. Ra8+ Re8 57. Rxe8+ Kxe8 58. Rd3 (58. Rd2 $142 Rf1 59. c6 Rc1 60. Kb6 Rc2 {[#]} 61. c7 $1 {[%mdl 512]} Rxd2 62. c8=Q+ Rd8 63. Qe6+ Kf8 64. a4) 58... Rf2 59. Rxb3 {Accuracy: White = 89%, Black = 29%.} (59. c6 $142 Rxb2 60. Kb6 (60. c7 Rc2 $11)) 1-0

[Event "Magistral Szmetan Giardelli 2019"]
[Site "Buenos Aires"]
[Date "2019.12.10"]
[Round "10.3"]
[White "Flores, Diego"]
[Black "Ricardi, Pablo"]
[Result "1-0"]
[WhiteElo "2608"]
[BlackElo "2493"]
[Annotator "TA"]
[PlyCount "79"]
[EventDate "2019.12.01"]
[EventType "tourn"]
[EventCountry "ARG"]
[SourceTitle "playchess.com"]
[Source "ChessBase"]
[SourceQuality "1"]

{[%evp 9,79,20,22,0,0,0,0,0,0,0,38,52,10,0,0,28,8,27,83,77,65,52,71,66,58,68,43,29,45,55,44,36,69,31,24,-161,22,18,18,27,28,-8,0,0,0,0,0,-62,-20,-37,-41,-54,-45,-351,-98,-106,-97,-93,-22,-56,-52,-31,65,65,53,62,54,54,29989,297,29983,29984]} 1. c4 e5 2. Nc3 Bb4 3. Nd5 Bc5 4. Nf3 e4 (4... c6 5. Nc3 d6 6. d4 exd4 7. Nxd4 Nf6 8. a3 d5 9. cxd5 Nxd5 10. Nb3 Bb6 11. Nxd5 cxd5 12. g3 Nc6 {1-0 (41) So,W (2765)-Saric,I (2690) chess.com INT 2019}) 5. d4 Bf8 6. Ng5 {A21: English Opening: 1...e5 2 Nc3} c6 7. Nc3 d5 8. cxd5 $146 {The position is equal.} ({Predecessor:} 8. g3 h6 9. Nh3 Nf6 10. cxd5 cxd5 11. Bg2 Nc6 12. O-O {½-½ (33) Papin,V (2502)-Khusnutdinov,R (2472) Melbourne 2014}) 8... cxd5 9. Qa4+ Nc6 (9... Bd7 $5 {[%cal Rd7a4]} 10. Qb3 {[%mdl 64] Double Attack} Bc6 $14) 10. Ngxe4 $1 dxe4 11. d5 {[%mdl 64] [#] Pin} Bd7 12. Qxe4+ Nce7 {And now ...Nf6 would win.} 13. d6 $1 {[%csl LRb7,LRe7][%mdl 64] Pin} Bc6 (13... Nf6 $11 {keeps the balance.} 14. dxe7 Bxe7 15. Qxb7 O-O) 14. Qe5 $16 {[%mdl 64] Pin} Nf6 15. Bg5 Qb6 16. dxe7 Bxe7 17. O-O-O Qxf2 18. e3 {Strongly threatening Bc4.} h6 19. Bf4 {Threatens to win with Bg3.} Kf8 20. Bc4 Re8 21. Rd2 Qh4 {next ...g5 is good for Black.} 22. Rhd1 $2 (22. Bb3 $11 {and White has nothing to worry.}) 22... Qh5 $2 (22... g5 $19 23. g3 Qh5) 23. Qc7 $11 Qc5 24. Bb3 Qb6 25. Qe5 Bc5 26. Qf5 Bxe3 27. Bxe3 Qxe3 28. Qa5 ({White should try} 28. Kb1 $11) 28... h5 29. Kb1 Qb6 30. Qg5 Rh6 31. Rd6 $2 {[%mdl 8192] [#]} (31. Qf5 $15) 31... Qe3 $2 (31... Ne4 $1 $19 {[%cal Re4g5]} 32. Rxc6 Nxg5 33. Rxb6 Rxb6) 32. Qa5 Ne4 33. Rxh6 Nxc3+ (33... Qxh6 $17 34. Nxe4 Bxe4+ 35. Ka1 Kg8) 34. Qxc3 {White wants to mate with Rh8+.} Qxh6 35. Rf1 Be4+ (35... Re7 $15) 36. Ka1 $14 Bg6 37. Qc7 $1 $40 {[%csl LRb7,LRf7][%cal Rb3f7][%mdl 128] White is up to no good.} Re7 38. Qd6 {Black must now prevent Ba4.} Qg5 $2 {[%mdl 8192]} (38... Bf5 $14 39. Qb8+ Re8 40. Qxb7 (40. Qxa7 Rc8 $11) 40... Qf6) 39. Bxf7 $2 (39. Qd8+ {mates} Re8 40. Qxg5 b5 41. Qxb5 Rd8 42. Qc6 Re8 43. Qd6+ Re7 44. Re1) 39... Qf6 $2 (39... Bf5 $18) 40. Rxf6 {Accuracy: White = 50%, Black = 33%.} 1-0

[Event "Magistral Szmetan Giardelli 2019"]
[Site "Buenos Aires"]
[Date "2019.12.10"]
[Round "10.4"]
[White "Henriquez Villagra, Cristobal"]
[Black "Perez Ponsa, Federico"]
[Result "1-0"]
[WhiteElo "2593"]
[BlackElo "2560"]
[Annotator "TA"]
[PlyCount "63"]
[EventDate "2019.12.01"]
[EventType "tourn"]
[EventCountry "ARG"]
[SourceTitle "playchess.com"]
[Source "ChessBase"]
[SourceQuality "1"]

{[%evp 9,135,-36,-1,0,19,0,20,33,28,26,28,-31,0,0,0,0,0,-20,-6,-36,-17,-36,0,0,33,8,45,39,71,64,83,83,105,112,134,82,101,105,151,149,143,147,156,141,142,127,135,98,102,95,95,94,110,105,106,69,56,56,64,60,61,6,20,25,23,6,6,13,50,44,50,46,105,105,105,87,83,81,83,50,134,134,150,151,157,147,173,156,273,271,246,225,321,341,522,525,471,458,756,740,635,667,793,770,1271,1259,1142,1011,1661,1660,1478,1747,2256,2177,4818,4134,29967,29973,29973,29974,29974,29975,29976,29977,29977,29977,29945,12834]} 1. g3 e5 2. Bg2 d5 3. d3 Nf6 4. Nf3 Bd6 5. Nc3 (5. Nbd2 O-O 6. e4 c6 7. O-O Re8 8. Re1 Nbd7 9. c3 h6 10. Qc2 Nf8 11. b3 Ng6 12. Bb2 Bg4 13. h3 Be6 14. Rad1 Qc7 15. Nf1 Rad8 16. Ne3 Qc8 17. Kh2 {0-1 (39) Mamedyarov,S (2799)-Grischuk,A (2772) Huaian 2017}) 5... d4 6. Nb5 {A00: Irregular Openings} Be7 $146 ({Predecessor:} 6... O-O 7. c3 dxc3 8. bxc3 Nc6 9. O-O Re8 10. Nd2 Bf8 11. a4 Ne7 12. Nc4 Ned5 {1-0 (54) Hickl,J (2609)-Miralles,G (2491) Switzerland 2012}) 7. O-O a6 8. Na3 {The position is equal.} Bxa3 9. bxa3 Nc6 10. e4 ({White should play} 10. Bb2 $11) 10... dxe3 11. fxe3 O-O 12. Bb2 Qd6 13. Qd2 Be6 14. Nh4 Nd5 15. Nf5 Bxf5 16. Rxf5 Nde7 17. Rf2 Qe6 18. a4 Qg4 19. Ba3 Qxa4 20. Qc3 $1 $36 {[%mdl 2048] White has strong initiative.} Rae8 21. Rb1 Qa5 22. Qb3 (22. Qxa5 $142 Nxa5 23. Bxb7) 22... Nd8 23. Bh3 Qd5 24. Qxd5 Nxd5 25. c4 Nf6 26. Bxf8 Kxf8 27. Bc8 b6 28. Bxa6 Ne6 29. Rd1 Rd8 30. Bb5 Ne4 31. Rc2 Rd6 32. c5 {Played: Bb5-c6} 1-0

[Event "Magistral Szmetan Giardelli 2019"]
[Site "Buenos Aires"]
[Date "2019.12.10"]
[Round "10.5"]
[White "Pichot, Alan"]
[Black "Felgaer, Ruben"]
[Result "0-1"]
[WhiteElo "2588"]
[BlackElo "2560"]
[Annotator "TA"]
[PlyCount "114"]
[EventDate "2019.12.01"]
[EventType "tourn"]
[EventCountry "ARG"]
[SourceTitle "playchess.com"]
[Source "ChessBase"]
[SourceQuality "1"]

{[%evp 18,114,41,31,43,9,18,6,59,59,56,51,52,58,64,14,17,0,0,23,34,29,29,10,22,8,19,19,21,0,15,0,25,0,-1,-16,-14,-23,-10,-19,-16,-14,-9,-31,-31,-53,-53,-53,-53,-53,-53,-53,-53,-53,-53,-56,-36,-110,-107,-135,-114,-130,-129,-127,-127,-130,-132,-126,-115,-115,-95,-118,-14,-35,-43,-126,-119,-135,-139,-267,-304,-1225,0,-1362,-1329,-1293,-1124,-378,-1402,-29978,-29979,-29981,-29982,-29987,-29986,-29986,-29985,-29987,-29978]} 1. e4 c5 2. Nf3 g6 3. d4 cxd4 4. Nxd4 Nc6 5. c4 Nf6 6. Nc3 d6 7. Be2 Nxd4 8. Qxd4 Bg7 9. Be3 O-O 10. Qd3 Nd7 {B36: Sicilian: Maroczy Bind: Gurgenidze System} (10... a5 11. Bd4 a4 12. O-O Qa5 13. Nd5 Nxd5 14. exd5 Bf5 15. Qe3 Bxd4 16. Qxd4 Qb4 17. a3 Qc5 18. Qd2 {1-0 (61) Hovhannisyan,R (2637)-Guseinov,G (2664) St Petersburg 2018}) 11. O-O Nc5 12. Qc2 b6 (12... Bxc3 $11 13. Qxc3 Nxe4) 13. f3 $14 a5 14. b3 $146 ({Predecessor:} 14. Rab1 Bd7 15. Nd5 f5 16. b4 axb4 17. Rxb4 e6 18. Nxb6 Ra3 19. Nxd7 Qxd7 20. Bf2 fxe4 21. Rd1 Qc7 22. Bd4 Nd3 {0-1 (22) Beuchler,H (2100)-Meulner,K (2090) Bayern 1998}) 14... Be5 15. Rad1 Bb7 16. Nd5 e6 17. f4 (17. Nc3 {keeps more tension.} Qe7 18. Qc1 Bc6 19. g3 h5 20. Kg2) 17... Bg7 18. Nc3 $1 {[%cal Bd5c3,Bc3b5,Bb5d4][%mdl 32]} Qe7 19. Bf3 Rac8 20. Rfe1 Rfd8 21. Nb5 Bc6 22. Nd4 Bb7 23. Nb5 Bc6 24. Nd4 Ba8 25. Qb1 e5 26. Nb5 exf4 27. Bxf4 {[%cal Rb5d6]} Be5 $36 {[%mdl 2048] Black is pushing.} 28. Qc1 Bc6 {Hoping for ...Bxb5.} 29. Nc3 Ne6 30. Bxe5 dxe5 31. Nd5 Bxd5 $1 32. exd5 Nd4 $1 33. Kh1 Qd6 34. Qg5 f6 35. Qg3 Kg7 36. Be4 b5 37. cxb5 (37. Bd3 $15) 37... Nxb5 $17 38. h4 Nc3 39. Rd3 Nxe4 ({Don't play} 39... Nxa2 $6 40. h5 $11) 40. Rxe4 Rc5 41. Rc4 Rxd5 42. Rxd5 Qxd5 {[%mdl 4096] Endgame KQR-KQR} 43. Rc7+ Rd7 44. Qc3 {[#]} Rxc7 ({Black should try} 44... e4 $1 $17 {Strongly threatening ...Qd1+.} 45. Kg1 Rxc7 46. Qxc7+ Kf8) 45. Qxc7+ {KQ-KQ} Kh6 46. Qb6 (46. Qe7 $15) 46... f5 47. Qf6 Qc5 48. a3 (48. Qg5+ $17 Kg7 49. g3) 48... e4 $19 {White must now prevent ...e3.} ({But not} 48... Qxa3 49. Qxe5 Kh5 50. Qe3 $17) 49. g3 $2 (49. b4 axb4 50. axb4 Qxb4 51. Qg5+ Kg7 52. g3) 49... Qxa3 $2 ({Black should play} 49... e3 $19 50. b4 axb4 51. axb4 Qc1+ 52. Kg2 Qc2+ 53. Kg1 Qf2+ 54. Kh1 Qxg3) 50. Kg2 $2 {[%mdl 8192]} (50. h5 $11 Qc1+ 51. Kh2 Qd2+ 52. Kh3) 50... Qc1 51. Qe7 Qd2+ 52. Kh3 Qe3 53. Qe5 {[#]} Qf3 $1 {[%cal Rf3h1] Black mates.} 54. Kh2 Kh5 55. Qxa5 Qf2+ 56. Kh3 Qf1+ 57. Kh2 Kg4 {Accuracy: White = 40%, Black = 66%.} 0-1